000 01163nam a22002297a 4500
003 CCE-Cañar
007 ta
008 160108b1975 sp ad||| |||| 001 0 spa d
020 _a8429412646
040 _aCCE-Cañar
_cCCE-Cañar
082 _a370
_bE2443
245 1 _aEnciclopedia Tècnica de la educaciòn ;
250 _aPrimera ediciòn
260 _aMadrid, España /
_bSantillana S. A. de Ediciones
_c1975
300 _a340 pàginas :
_bTomo 3 ;
_c18 cm.
500 _aVarios responsables desde proyecto y supervisiòn, Direcciòn, redacciòn, coordinaciòn, Lectura crìtica y notas, revisiòn y presentaciòn.
504 _6Bibliografìa pàgina: 331-333
505 _aLa enseñanza del idioma en la educaciòn general: Introducciòn general a las didàcticas especiales -- El lenguaje en la escuela primaria -- Vocabulario y lenguaje oral -- El lenguaje escrito -- Gramàtica y literatura -- Los idiomas extranjeros. Didàctica de la matemàtica elemental: Orientaciones actuales de la matemàtica -- La matemàtica en la escuela elemental -- Auxiliares del trabajo escolar.
590 _6jtcq
650 _912288
_aEducación
942 _2ddc
_cBK
999 _c62327
_d62327